| 000 | 01554nam0a22003851 4500 | ||
|---|---|---|---|
| 001 | RU\NLR\bibl\1197218 | ||
| 005 | 20260405153214.0 | ||
| 010 |
_a978-5-17-045518-8 _bАСТ |
||
| 010 |
_a978-5-271-17539-8 _95000 _bАстрель |
||
| 021 |
_aRU _b2008-1189 _962 |
||
| 035 | _a(NLR Aleph) 001183738 | ||
| 090 |
_a1673708 _c1673708 |
||
| 100 | _a20071022d2007 |||y0rusy50 ca | ||
| 101 | 1 |
_arus _cjpn |
|
| 102 | _aRU | ||
| 105 | _aa dm ||||| | ||
| 200 | 1 |
_aСакура _e[ил. альбом _fсост. В.Р. Бычкова _gпер. В. Маркова _gил.: Кузнецов А.] |
|
| 210 |
_aМосква _cАСТ _cАстрель _d2007 |
||
| 215 |
_a[94] c. _cцв. ил. _d17 |
||
| 300 | _aНа корешке: Сакура: символ скоротечности всего в этом мире | ||
| 516 | 0 | _aСакура символ скоротечности всего в этом мире | |
| 686 |
_a0621 _aЗарубежная поэзия _2TCC-BG |
||
| 686 | _aШ6(5Я)07-5я43{Лх2310сб} | ||
| 702 | 1 |
_aБычкова _bВ. Р. _4220 |
|
| 702 | 1 |
_4040 _8rus _7ca _aКузнецов _bА. М. _cхудожник-иллюстратор _f1961- _gАндрей Михайлович _3RU\NLR\AUTH\7764220 _947149 |
|
| 801 | 0 |
_aRU _bЛИБНЕТ _c20071022 |
|
| 801 | 1 |
_aRU _bЦУНБ Москва _c20071024 |
|
| 801 | 2 |
_aRU _bNLR _c20080305 _grcr |
|
| 830 | _aCODE_OF_LIBNET\000001626 | ||
| 852 |
_aNLR _bОЛСАА-сл-спр _j2-5066 |
||
| 942 | _cBOOK | ||
| 980 | _aNB | ||
| 980 | 1 | _aSL_SPR | |